000 00526nam a2200217 a 4500
999 _c4109
_d4109
001 4109
003 BD-JhCC
005 20171122204708.0
008 171122s1974 enka|||| ||a| 00| 0 eng d
035 _a(BD-JhCC)4109
040 _aBD-JhCC
_dBD-JhCC
041 _aeng
082 _a832.914
_bMUS 1974
100 _aMusman, Richard
245 _aCatch a Thief /
_cRichard Musman
260 _aLondon:
_bLongman,
_c1974.
300 _a83 p. :
_bills;
_c18 cm.
650 _aEnglish Story
942 _2ddc
_cBK